| 000 | 00556nam a2200193Ia 4500 | ||
|---|---|---|---|
| 003 | GCL | ||
| 008 | 140319s9999 xx 000 0 eng d | ||
| 020 | _a1405101466 | ||
| 040 |
_aGCL / _cGCL |
||
| 082 | 0 | 4 |
_a956 _bL I |
| 100 | 1 | _aLINDHOL, CHARLES | |
| 245 | 1 | 0 |
_aTHE ISLAMIC MIDDLE EAST : _bTRADITION AND CHANGE / _cLINDHOL, CHARLES |
| 260 |
_aانجلترا : _bBLACKWELL PUBLISHERS ، _c2002 |
||
| 300 |
_a20 CM ؛ _c324 P |
||
| 650 | 0 | 4 | _aISLAMIC EMPIRE |
| 650 | 0 | 4 | _aMIDDLE EAST - HISTORY |
| 650 | 0 | 4 | _aMIDDLE EAST - CIVILIZATION |
| 942 |
_2ddc _cBK |
||
| 999 |
_c5731 _d5731 |
||